[Event "Budapest Spring op 22nd"]
[Site "Budapest"]
[Date "2006.03.27"]
[Round "5"]
[White "Keschitz, Gyorgy"]
[Black "Hoang, Tri"]
[Result "1-0"]
[WhiteElo "2281"]
[BlackElo "2193"]
[PlyCount "67"]
[EventDate "2006.03.23"]
[EventType "swiss"]
[EventRounds "9"]
[EventCountry "HUN"]
[SourceTitle "CBM 111 Extra"]
[Source "ChessBase"]
[SourceDate "2006.05.09"]
[SourceVersion "1"]
[SourceVersionDate "2006.05.09"]
[SourceQuality "1"]

1. g3 c5 2. Bg2 Nc6 3. e4 e5 4. d3 g6 5. f4 Bg7 6. Nf3 d6 7. 0-0 Nge7 8. f5 gxf5 9. Nh4 f4 10. Qh5 Nd4 11. Na3 Bf6 12. gxf4 Rg8 13. f5 b6 14. c3 Ng6 15. fxg6 hxg6 16. Qd1 Bxh4 17. cxd4 cxd4 18. Bd2 a6 19. Nc4 Ra7 20. Bb4 Be7 21. a4 Bf8 22. a5 b5 23. Nb6 Be6 24. Rc1 f5 25. exf5 gxf5 26. Qh5+ Rf7 27. Kh1 Qf6 28. Nd5 Qg7 29. Nc7+ Ke7 30. Qh4+ Kd7 31. Rg1 Qh7 32. Qxh7 Rxh7 33. Nxe6 Be7 34. Bc6+ 1-0

[Event "Budapest Spring op 22nd"]
[Site "Budapest"]
[Date "2006.03.25"]
[Round "3"]
[White "Lengyel, Bela"]
[Black "Hoang, Tri"]
[Result "1/2-1/2"]
[WhiteElo "2291"]
[BlackElo "2193"]
[PlyCount "168"]
[EventDate "2006.03.23"]
[EventType "swiss"]
[EventRounds "9"]
[EventCountry "HUN"]
[SourceTitle "CBM 111 Extra"]
[Source "ChessBase"]
[SourceDate "2006.05.09"]
[SourceVersion "1"]
[SourceVersionDate "2006.05.09"]
[SourceQuality "1"]

1. e4 e5 2. Bc4 Nf6 3. d3 Nc6 4. Nf3 Be7 5. 0-0 0-0 6. Re1 d6 7. c3 Na5 8. Bb5 c6 9. Ba4 b5 10. Bc2 Bg4 11. h3 Bh5 12. Nbd2 Qc7 13. Nf1 Rad8 14. Ng3 Bg6 15. Nh4 d5 16. Qe2 dxe4 17. dxe4 Nc4 18. Nhf5 Nd6 19. Nxe7+ Qxe7 20. a4 a6 21. h4 h6 22. h5 Bh7 23. Qf3 c5 24. b3 Kh8 25. Be3 Nd7 26. axb5 axb5 27. Qg4 Ra8 28. f3 f6 29. Red1 Rxa1 30. Rxa1 Bg8 31. Ra7 Be6 32. Nf5 Nxf5 33. exf5 Bd5 34. c4 bxc4 35. bxc4 Bc6 36. Be4 Qd6 37. Kh2 Rc8 38. Qg6 Bxe4 39. fxe4 Qe7 40. Kh3 Rd8 41. Kh2 Qf8 42. Bd2 Qe7 43. Rb7 Rc8 44. Ra7 Rd8 45. Qg4 Qd6 46. Be3 Qb6 47. Ra1 Nb8 48. Qg6 Qc7 49. Ra3 Rg8 50. Qg4 Nd7 51. Qe2 Rb8 52. Bc1 Nf8 53. Be3 Nh7 54. Rd3 Ng5 55. Bxg5 hxg5 56. Qd1 Qf7 57. Rd5 Rb4 58. h6 g4 59. Qxg4 gxh6 60. Qd1 Rb8 61. Rd7 Qg8 62. Qh5 Qg5 63. Qxg5 hxg5 64. Kg3 Kg8 65. Kg4 Rf8 66. Rc7 Rf7 67. Rxc5 Rd7 68. Rd5 Rc7 69. c5 Kf7 70. Kf3 Ke7 71. Ke3 Ra7 72. Kd3 Ra3+ 73. Kc4 Ra4+ 74. Kb5 Rxe4 75. c6 Re1 76. Rd7+ Ke8 77. Rd6 Ke7 78. c7 Rb1+ 79. Ka6 Rc1 80. Re6+ Kd7 81. Rxf6 Kxc7 82. Kb5 Kd7 83. Re6 Rg1 84. Rxe5 Rxg2 1/2-1/2